Most Densely Populated Island Countries - Statistics

General Stats
  • This quiz has been taken 63 times
  • The average score is 8 of 10
Answer Stats
Density (sq km) Island Country % Correct
1,292 Malta
93%
8,397 Singapore
93%
633 Taiwan
86%
1,105 Maldives
82%
1,831 Bahrain
79%
610 Mauritius
79%
649 Nauru
72%
627 Barbados
70%
457 Comoros
68%
457 Tuvalu
65%
No matching quizzes found
Score Distribution
Percent of People with Each Score
Percentile by Number Answered
Your Score History
You have not taken this quiz